000 00402nam a22001217a 4500
003 SGT
082 _a080
_bS90S
100 _aशर्मा, रामविलास
245 _aसन सत्त्वान की राज्य क्रांति और मार्क्सवाद
260 _bलोकभारती प्रकाशन
_c1990
300 _a551
942 _2ddc
_cBK
999 _c31537
_d31537